| 000 | 00726nam a2200253Ia 4500 | ||
|---|---|---|---|
| 003 | OSt | ||
| 005 | 20220918201257.0 | ||
| 006 | a|||||r|||| 00| 0 | ||
| 007 | ta | ||
| 008 | 220917b |||||||| |||| 00| 0 eng d | ||
| 024 | _a92,813 | ||
| 037 | _cTextual | ||
| 040 |
_aARTS _cARTS _beng |
||
| 041 |
_2eng _aeng |
||
| 082 | _aV1:19:N6, L1 | ||
| 100 |
_aFranck Thomas M _997872 |
||
| 245 | 0 |
_aWorld politics _b verbal strategy among the superpowers |
|
| 260 | _c1971 | ||
| 490 | _aCenter for international studies : studies in peaceful change | ||
| 650 | _aHISTORY | ||
| 700 |
_a Weisband Edward _936328 |
||
| 942 |
_hV1:19:N6, L1 _cTEXL _2CC |
||
| 999 |
_c216464 _d216464 |
||